000 01317nam a2200325 i 4500
003 EG-GICUC
005 20260121101429.0
008 251204s2009 ua d|||fr|||| 00| 0 ara d
040 _a EG-GICUC
_bara
_c EG-GICUC
_d EG-GICUC
_erda
041 0 _aara
082 0 4 _221
_a345.42
_bأ ش . ت
092 0 4 _221
099 _aLaw1 07 345.42 أ ش . ت 2009
100 0 _aأشرف محمد انس جعفر
_eمؤلف.
245 1 2 _aالتنظيم الدستورى للوظيفة العامة :
_bدراسة مقارنة /
_cالدكتور أشرف محمد انس جعفر.
264 1 _aالقاهرة :
_bدار النهضة العربية،
_c2009.
300 _a438 صفحة :
_bإيضاحيات؛
_c24 سم.
336 _2rda content
_atext
337 _2rda media
_aComputer
338 _2rda carrier
_aOnline Resource
504 _a. 430-413ببليوجرافيا: صفحات
504 _aيشتمل على إرجاعات ببليوجرافية.
546 _aالنص أغلبه باللغة العربية مع بعض النصوص الإنجليزية
650 1 4 _aالوظيفة العامة
650 1 4 _aالتنظيم الإداري
650 1 4 _aالقانون الإداري
856 4 0 _uhttps://fll.law.cu.edu.eg/fulltext/bks/B07-01283.pdf
905 _a32
_eYara
942 _2ddc
_cBK
_e21
_n0
999 _c48357
_d48357